Męskie Imiona na literę H - Statystyki

Ogólne statystyki
  • Ten quiz został rozwiązany 319 razy
    235 od ostatniego zresetowania
  • Średni wynik to 5 z 14
Statystyki odpowiedzi
Imiona % Poprawnych
Henryk
92%
Hubert
85%
Hieronim
63%
Hiacynt
39%
Hilary
39%
Hipolit
39%
Hugo
38%
Herbert
24%
Harold
23%
Hektor
21%
Hugon
19%
Honoriusz
18%
Herman
14%
Horacjusz
9%
Nie znaleziono quizów pasujących do podanych kryteriów
Rozkład punktacji
Procent ludzi z każdym wynikiem
Percentyl według liczby udzielonych odpowiedzi
Twoja historia wyników
Nie rozwiązałeś tego quizu od ostatniego zresetowania